Beliebteste Jungennamen - Statistiken

Allgemein
  • Dieses Quiz wurde 352 mal gespielt
  • Das Durchschnittsergebnis liegt bei 4 aus 10
Antwortstatistiken
Platz Name % Korrekt
8 Luca / Luka
61%
3 Leon
60%
5 Paul
49%
1 Noah
45%
4 Finn
43%
9 Louis / Luis
35%
6 Elias
32%
7 Emil
31%
2 Mat(h)eo / Matt(h)eo
25%
10 Henry / Henri
22%
Keine übereinstimmenden Quizze gefunden
Verteilung der Resultate
Anzahl Personen mit jedem Resultat
Perzentil nach korrekt beantworteten Fragen
Ihre Resultats-Entwicklung
Sie haben dieses Quiz noch nicht gespielt